Central Library OPAC University of Rajshahi

A sketch of the history of Hindustan from the first Muslim conquest to the fall of the Mughol Empire / (Record no. 64667)

MARC details
000 -LEADER
fixed length control field 00820nam a2200241 a 4500
001 - CONTROL NUMBER
control field 64667
003 - CONTROL NUMBER IDENTIFIER
rucl marc code BD-RjUL
005 - DATE AND TIME OF LATEST TRANSACTION
control field 20211209081331.0
008 - FIXED-LENGTH DATA ELEMENTS--GENERAL INFORMATION
fixed length control field 170219s19721972ii b 001 0 eng d
035 ## - SYSTEM CONTROL NUMBER
System control number (BD-RjUL) 64797
040 ## - CATALOGING SOURCE
Original cataloging agency BD-RjUL
Transcribing agency BD-RjUL
Modifying agency BD-RjUL
Language of cataloging eng
041 ## - LANGUAGE CODE
Language code of text/sound track or separate title eng
082 00 - DEWEY DECIMAL CLASSIFICATION NUMBER
Classification number 954.02
Edition number 23
Author mark and year KES 1972
100 1# - MAIN ENTRY--PERSONAL NAME
Personal name Keene, H. G.
Fuller form of name (Henry George),
Dates associated with a name 1825-1915.
9 (RLIN) 191729
245 12 - TITLE STATEMENT
Title A sketch of the history of Hindustan from the first Muslim conquest to the fall of the Mughol Empire /
Statement of responsibility, etc. by H. G. Keene.
260 ## - PUBLICATION, DISTRIBUTION, ETC. (IMPRINT)
Place of publication, distribution, etc. Delhi,
Name of publisher, distributor, etc. Idarah-i Adabiyāt-i Delli
Date of publication, distribution, etc. [1972]
300 ## - PHYSICAL DESCRIPTION
Pagination xxxv, 476 p. :
Illustrations ill. ;
Size 23 cm.
500 ## - GENERAL NOTE
General note Includes Index.
650 ## - SUBJECT ADDED ENTRY--TOPICAL TERM
Topical term or geographic name as entry element Mogul Empire
General subdivision History.
9 (RLIN) 191730
651 #0 - SUBJECT ADDED ENTRY--GEOGRAPHIC NAME
Geographic name Mogul Empire
General subdivision History.
9 (RLIN) 191730
Geographic name India
General subdivision History
Chronological subdivision 1000-1765.
9 (RLIN) 190214
942 ## - ADDED ENTRY ELEMENTS (KOHA)
Source of classification or shelving scheme Dewey Decimal Classification
Koha item type Books
Holdings
Lost status Source of classification or shelving scheme Damaged status Not for loan Collection code Permanent Location Current Location Shelving location Date acquired Source of acquisition Total Checkouts Full call number Date last seen Copy number Koha item type
  Dewey Decimal Classification   Not For Loan Non-fiction Central Library, University of Rajshahi Central Library, University of Rajshahi Reading Room 02/07/1974 India Govt.   954.02 KES 1972 19/02/2017 C-1 Books